Бухгалтерский учет в бюджетных и некоммерческих организациях (Запись № 758282)

Подробности
000 -МАРКЕР
контрольное поле 02638nam0a2200445 4500
001 - ИДЕНТИФИКАТОР ЗАПИСИ
контрольное поле RU\NLR\bibl\1338865
005 - ИДЕНТИФИКАТОР ВЕРСИИ
контрольное поле 20250615165856.0
010 ## - МЕЖДУНАРОДНЫЙ СТАНДАРТНЫЙ НОМЕР КНИГИ (ISBN)
Номер (ISBN) 978-5-7271-0920-5
Тираж 300
021 ## - НОМЕР ГОСУДАРСТВЕННОЙ РЕГИСТРАЦИИ
Код страны Российская Федерация
Номер 2009-243
Номер Листа государственной регистраци 15
035 ## - ДРУГИЕ СИСТЕМНЫЕ НОМЕРА
Идентификатор записи (nilc)EL/0000235896
035 ## - ДРУГИЕ СИСТЕМНЫЕ НОМЕРА
Идентификатор записи (NLR Aleph) 001324043
100 ## - ДАННЫЕ ОБЩЕЙ ОБРАБОТКИ
Данные общей обработки 20081224d2008 |||y0rusy50 ca
101 0# - ЯЗЫК РЕСУРСА
Язык текста, звукозаписи и т.д. русский
102 ## - СТРАНА ПУБЛИКАЦИИ ИЛИ ПРОИЗВОДСТВА
Страна публикации Российская Федерация
105 ## - ПОЛЕ КОДИРОВАННЫХ ДАННЫХ: ТЕКСТОВЫЕ МАТЕРИАЛЫ, МОНОГРАФИЧЕСКИЕ
Кодированные данные о монографическом текстовом документе a |||||||||
200 1# - ЗАГЛАВИЕ И СВЕДЕНИЯ ОБ ОТВЕТСТВЕННОСТИ
Основное заглавие Бухгалтерский учет в бюджетных и некоммерческих организациях
Сведения, относящиеся к заглавию учебное пособие
Первые сведения об ответственности С. М. Пестунова, Е. Ю. Елпанова
Последующие сведения об ответственности Федер. агентство по образованию, Гос. образоват. учреждение высш. проф. образования "Челяб. гос. ун-т", Центр заоч. и дистанц. образования
210 ## - ПУБЛИКАЦИЯ, РАСПРОСТРАНЕНИЕ И ДР.
Место издания, распространения и т.д. Челябинск
Имя издателя, распространителя и т. д. Челябинский государственный университет
Дата издания, распространения и т.д. 2008
215 ## - ФИЗИЧЕСКАЯ ХАРАКТЕРИСТИКА
Специфическое обозначение материала и объем 237 с.
Другие сведения о физической характеристике ил.
Размеры 21
320 ## - ПРИМЕЧАНИЯ О НАЛИЧИИ В ДОКУМЕНТЕ БИБЛИОГРАФИИ / УКАЗАТЕЛЯ
Текст примечания Библиогр.: с. 208-210
606 1# - НАИМЕНОВАНИЕ ТЕМЫ КАК ПРЕДМЕТ
Наименование темы Некоммерческие организации
Формальный подзаголовок Учебные издания для высших учебных заведений
Тематический подзаголовок Бухгалтерский учет
Географический подзаголовок Российская Федерация
Системный номер авторитетной/нормативной записи 2280900
Идентификатор авторитетной/нормативной записи RU\NLR\auth\661366568
606 1# - НАИМЕНОВАНИЕ ТЕМЫ КАК ПРЕДМЕТ
Наименование темы Бюджетные учреждения
Формальный подзаголовок Учебные издания для высших учебных заведений
Тематический подзаголовок Бухгалтерский учет
Географический подзаголовок Российская Федерация
Системный номер авторитетной/нормативной записи 2114620
Идентификатор авторитетной/нормативной записи RU\NLR\auth\661277602
610 1# - НЕКОНТРОЛИРУЕМЫЕ ПРЕДМЕТНЫЕ ТЕРМИНЫ
Предметный термин бухгалтерский учет в бюджетных организациях
610 1# - НЕКОНТРОЛИРУЕМЫЕ ПРЕДМЕТНЫЕ ТЕРМИНЫ
Предметный термин бухгалтерский учет в некоммерческих организациях
686 ## - ИНДЕКСЫ ДРУГИХ КЛАССИФИКАЦИЙ
Индекс 65.052.246я73
Издание LBC/M
Код системы
686 ## - ИНДЕКСЫ ДРУГИХ КЛАССИФИКАЦИЙ
Индекс 65.052.247я73
Издание LBC/M
Код системы
686 ## - ИНДЕКСЫ ДРУГИХ КЛАССИФИКАЦИЙ
Индекс 06.35.31
Код системы
686 ## - ИНДЕКСЫ ДРУГИХ КЛАССИФИКАЦИЙ
Индекс У052.9(2)229я73
686 ## - ИНДЕКСЫ ДРУГИХ КЛАССИФИКАЦИЙ
Индекс У052.9(2)247я73
700 #1 - ИМЯ ЛИЦА - ПЕРВИЧНАЯ ОТВЕТСТВЕННОСТЬ
Код отношения Автор
Начальный элемент ввода Пестунова
Часть имени, кроме начального элемента ввода С. М.
Дополнения к именам, кроме дат преподаватель, бухгалтерский учет
Расширение инициалов личного имени Светлана Михайловна
Системный номер авторитетной/нормативной записи 226576
Идентификатор авторитетной/нормативной записи RU\NLR\AUTH\770226632
701 #1 - ИМЯ ЛИЦА - АЛЬТЕРНАТИВНАЯ ОТВЕТСТВЕННОСТЬ
Код отношения Автор
Начальный элемент ввода Елпанова
Часть имени, кроме начального элемента ввода Е. Ю.
Дополнения к именам, кроме дат преподаватель, бухгалтерский учет
Расширение инициалов личного имени Елена Юрьевна
Системный номер авторитетной/нормативной записи 226577
Идентификатор авторитетной/нормативной записи RU\NLR\AUTH\770226633
801 #0 - ИСТОЧНИК ЗАПИСИ
Страна Российская Федерация
Организация Челябинская ОУНБ
Дата составления 20081224
801 #1 - ИСТОЧНИК ЗАПИСИ
Страна Российская Федерация
Организация Челябинская ОУНБ
Дата составления 20081224
Источник данных rusmarc
801 #2 - ИСТОЧНИК ЗАПИСИ
Страна Российская Федерация
Организация NLR
Дата составления 20090311
Правила каталогизации rcr
830 ## - ОБЩЕЕ ПРИМЕЧАНИЕ, СОСТАВЛЕННОЕ КАТАЛОГИЗАТОРОМ
Текст примечания авт. по кн.
942 ## - ДОПОЛНИТЕЛЬНЫЕ ЭЛЕМЕНТЫ ЗАПИСИ (АБИС)
Тип экземпляра АБИС Книга
980 ## - КОЛЛЕКЦИЯ
Название коллекции Национальная библиография
980 ## - КОЛЛЕКЦИЯ
Название коллекции НБР
Экземпляры
Тип экземпляра Дата поступления Источник поступления Библиотека постоянного хранения Библиотека текущего хранения Место хранения Шифр хранения Штрих-код Статус экземпляра
Книга 11.03.2009 Обязательный экземпляр РНБ (Московский) РНБ (Московский) Русский книжный фонд: издания с 1957 года 2009-3/6797 1-3853387  
Книга 11.03.2009 Обязательный экземпляр РНБ (Московский) РНБ (Московский) Русский книжный фонд: издания с 1957 года 2009-3/6797 2868584